| 000 | 00856nam a22002291i 4500 | ||
|---|---|---|---|
| 001 | 179600 | ||
| 003 | ES-MaACL | ||
| 005 | 20250730024614.0 | ||
| 008 | 111226s1909 sp |||| | spa d | ||
| 080 | _a616.972 | ||
| 100 | 1 |
_aLecha-Marzo, Antonio. _971063 |
|
| 245 | 1 | 3 |
_aLa sífilis en la descendencia _b: higiene de los heredo-sifilíticos / _cpor Antonio Lecha-Marzo. |
| 260 |
_aMadrid : _bSociedad Española de Higiene, _c1909. |
||
| 300 |
_a31 p. ; _c21 cm. |
||
| 490 | 1 |
_aLegado Roel: Colección de Memorias Premiadas ; _vn. 4 |
|
| 500 | _aConcurso de 1907-1908. | ||
| 650 | 4 |
_aSífilis congenita. _9148834 |
|
| 710 | 2 |
_aSociedad Española de Higiene. _96725 |
|
| 830 | 0 | 0 |
_aLegado Roel: Colección de memorias premiadas _vn. 4 _9183286 |
| 852 |
_aES-MaACL _jC-8171(3) _z.- Encuadernado con otras obras |
||
| 999 |
_c179600 _d179600 |
||